Statistics for Numerals from 0 to 9 in letters in 15 seconds

Click here to take the quiz!

General Stats

  • This quiz has been taken 38 times
  • The average score is 8 of 10

Answer Stats

NumeralNumeral in letters% Correct
2Two
92%
0Zero
92%
1One
88%
3Three
88%
4Four
83%
6Six
83%
5Five
75%
7Seven
71%
8Eight
50%
9Nine
50%

Score Distribution

Percentile by Number Answered

Percent of People with Each Score

Your Score History

You have not taken this quiz